<?xml version="1.0" encoding="UTF-8"?>
<record
    xmlns:xsi="http://www.w3.org/2001/XMLSchema-instance"
    xsi:schemaLocation="http://www.loc.gov/MARC21/slim http://www.loc.gov/standards/marcxml/schema/MARC21slim.xsd"
    xmlns="http://www.loc.gov/MARC21/slim">

  <leader>00478nam a22001937a 4500</leader>
  <controlfield tag="005">20260513115920.0</controlfield>
  <controlfield tag="008">260513b        |||||||| |||| 00| 0 eng d</controlfield>
  <datafield tag="020" ind1=" " ind2=" ">
    <subfield code="a">9783031187834</subfield>
    <subfield code="c">17595.10</subfield>
  </datafield>
  <datafield tag="040" ind1=" " ind2=" ">
    <subfield code="a">MAIN</subfield>
  </datafield>
  <datafield tag="041" ind1=" " ind2=" ">
    <subfield code="a">English</subfield>
  </datafield>
  <datafield tag="082" ind1=" " ind2=" ">
    <subfield code="a">620.11</subfield>
    <subfield code="b">FAH</subfield>
  </datafield>
  <datafield tag="100" ind1=" " ind2=" ">
    <subfield code="a">Fahlman, Bradley D.</subfield>
    <subfield code="9">26804</subfield>
  </datafield>
  <datafield tag="245" ind1=" " ind2=" ">
    <subfield code="a">Materials Chemistry </subfield>
  </datafield>
  <datafield tag="250" ind1=" " ind2=" ">
    <subfield code="a">4th</subfield>
  </datafield>
  <datafield tag="260" ind1=" " ind2=" ">
    <subfield code="a">Switzerland </subfield>
    <subfield code="b">Springer </subfield>
    <subfield code="c">2023</subfield>
  </datafield>
  <datafield tag="300" ind1=" " ind2=" ">
    <subfield code="a">902</subfield>
  </datafield>
  <datafield tag="650" ind1=" " ind2=" ">
    <subfield code="a">Chemistry (PM USHA)</subfield>
    <subfield code="9">26803</subfield>
  </datafield>
  <datafield tag="942" ind1=" " ind2=" ">
    <subfield code="c">BK</subfield>
  </datafield>
  <datafield tag="999" ind1=" " ind2=" ">
    <subfield code="c">60776</subfield>
    <subfield code="d">60776</subfield>
  </datafield>
  <datafield tag="952" ind1=" " ind2=" ">
    <subfield code="0">0</subfield>
    <subfield code="1">0</subfield>
    <subfield code="2">ddc</subfield>
    <subfield code="4">0</subfield>
    <subfield code="6">620_110000000000000_FAH</subfield>
    <subfield code="7">1</subfield>
    <subfield code="9">93934</subfield>
    <subfield code="a">MAIN</subfield>
    <subfield code="b">MAIN</subfield>
    <subfield code="d">2026-05-13</subfield>
    <subfield code="o">620.11 FAH</subfield>
    <subfield code="p">33097</subfield>
    <subfield code="r">2026-05-13</subfield>
    <subfield code="w">2026-05-13</subfield>
    <subfield code="y">REF</subfield>
  </datafield>
  <datafield tag="952" ind1=" " ind2=" ">
    <subfield code="0">0</subfield>
    <subfield code="1">0</subfield>
    <subfield code="2">ddc</subfield>
    <subfield code="4">0</subfield>
    <subfield code="6">620_110000000000000_FAH</subfield>
    <subfield code="7">0</subfield>
    <subfield code="9">93935</subfield>
    <subfield code="a">MAIN</subfield>
    <subfield code="b">MAIN</subfield>
    <subfield code="d">2026-05-13</subfield>
    <subfield code="l">0</subfield>
    <subfield code="o">620.11 FAH</subfield>
    <subfield code="p">33098</subfield>
    <subfield code="r">2026-05-13</subfield>
    <subfield code="w">2026-05-13</subfield>
    <subfield code="y">BK</subfield>
  </datafield>
</record>
